[Event "GER-ch U14"]
[Site "Oberhof"]
[Date "2013.05.22"]
[Round "6"]
[White "Venukumar, Danny"]
[Black "Lai Hop, Long"]
[Result "0-1"]
[WhiteElo "1470"]
[BlackElo "1659"]
[PlyCount "36"]
[EventDate "2013.05.19"]
[EventType "swiss"]
[EventRounds "9"]
[EventCountry "GER"]
[SourceTitle "CBM 154 Extra"]
[Source "ChessBase"]
[SourceDate "2013.06.25"]
[SourceVersion "2"]
[SourceVersionDate "2013.06.25"]
[SourceQuality "1"]

1. Nf3 d5 2. b3 Nf6 3. Bb2 Bf5 4. e3 e6 5. Be2 Be7 6. 0-0 0-0 7. Ne5 Nbd7 8. f4 h6 9. d3 c5 10. Nd2 Qc7 11. Ndf3 Rac8 12. Nxd7 Nxd7 13. Ne5 Rfd8 14. Nxd7 Qxd7 15. a3 b5 16. c4 dxc4 17. dxc4 Qd2 18. Bc1 Qc3 0-1

[Event "GER-ch U14"]
[Site "Oberhof"]
[Date "2013.05.21"]
[Round "5"]
[White "Venukumar, Danny"]
[Black "Karsay, Pascal"]
[Result "1/2-1/2"]
[WhiteElo "1470"]
[BlackElo "1693"]
[PlyCount "80"]
[EventDate "2013.05.19"]
[EventType "swiss"]
[EventRounds "9"]
[EventCountry "GER"]
[SourceTitle "CBM 154 Extra"]
[Source "ChessBase"]
[SourceDate "2013.06.25"]
[SourceVersion "2"]
[SourceVersionDate "2013.06.25"]
[SourceQuality "1"]

1. Nf3 d6 2. b3 e5 3. Bb2 g6 4. d3 Bg7 5. Nbd2 Ne7 6. e4 Nd7 7. g3 c6 8. Nc4 Nb6 9. Ncd2 Qc7 10. Bg2 h6 11. 0-0 0-0 12. h3 f5 13. Nh2 f4 14. g4 g5 15. a3 Be6 16. Rb1 Ng6 17. Ndf3 Bf6 18. a4 a5 19. Ba3 Rfd8 20. Nd2 Qh7 21. Bb2 Kf7 22. Ba3 c5 23. Re1 Rh8 24. Bf3 Nh4 25. Nc4 Nxf3+ 26. Qxf3 Nc8 27. Qg2 h5 28. f3 hxg4 29. hxg4 b6 30. Nd2 Bd8 31. c4 Ne7 32. Bb2 Nc6 33. Bc3 Nb4 34. Bxb4 axb4 35. Re2 Bc7 36. Nhf1 Qg6 37. Nh2 Rh4 38. Ndf1 Rah8 39. Rbb2 Qh6 40. Ra2 Ra8 1/2-1/2